December market trend data from Land Registry (Record no. 83749)
[ view plain ]
| 000 -LEADER | |
|---|---|
| fixed length control field | 01563cad a22002175a 4500 |
| 001 - CONTROL NUMBER | |
| control field | L154930 |
| 008 - FIXED-LENGTH DATA ELEMENTS--GENERAL INFORMATION | |
| fixed length control field | 120202e20120130xxk 000 0 eng d |
| 035 ## - SYSTEM CONTROL NUMBER | |
| System control number | (Sirsi) u154930 |
| 041 0# - LANGUAGE CODE | |
| Language code of text/sound track or separate title | eng |
| 110 2# - MAIN ENTRY--CORPORATE NAME | |
| Corporate name or jurisdiction name as entry element | Land Registry |
| 9 (RLIN) | 5885 |
| 245 00 - TITLE STATEMENT | |
| Title | December market trend data from Land Registry |
| Medium | [electronic resource] |
| 260 ## - PUBLICATION, DISTRIBUTION, ETC. | |
| Date of publication, distribution, etc. | 2012 |
| 490 ## - SERIES STATEMENT | |
| Series statement | Land Registry Press Release |
| Volume/sequential designation | PR01/12 30/01/2012 |
| 520 ## - SUMMARY, ETC. | |
| Summary, etc. | The Land Registry is now making its monthly transactional information available free of charge in addition to its House Price Index. It includes a detailed breakdown of applications by number and type from solicitors, conveyancers and lenders and covers commercial property and land as well as residential property. The consumer will be better informed by being able to see the volume and types of transactions while the property and finance sectors will be able to use the data to assess trends and movements in the property market. From March 2012, monthly Land Registry Price Paid information showing all residential property sales in England and Wales at address level will be published as part of the Market Trend Data. This will be downloadable for re-use under the Open Government License in the same format as the Transaction Data. |
| 590 ## - LOCAL NOTE (RLIN) | |
| Local note | KA NTK |
| 651 #4 - SUBJECT ADDED ENTRY--GEOGRAPHIC NAME | |
| Geographic name | England and Wales |
| Chronological subdivision | 1543- |
| 690 ## - LOCAL SUBJECT ADDED ENTRY--TOPICAL TERM (OCLC, RLIN) | |
| Topical term or geographic name as entry element | Sales |
| 9 (RLIN) | 6269 |
| 690 ## - LOCAL SUBJECT ADDED ENTRY--TOPICAL TERM (OCLC, RLIN) | |
| Topical term or geographic name as entry element | Residential property |
| 9 (RLIN) | 6266 |
| 856 40 - ELECTRONIC LOCATION AND ACCESS | |
| Uniform Resource Identifier | <a href="https://www1.landregistry.gov.uk/about-us/press-listing/2012/market-trend-data-december-2011">https://www1.landregistry.gov.uk/about-us/press-listing/2012/market-trend-data-december-2011</a> |
| Public note | View this item free of charge at www.landregistry.gov.uk |
| 942 ## - ADDED ENTRY ELEMENTS (KOHA) | |
| Suppress in OPAC | 0 |
| Withdrawn status | Lost status | Source of classification or shelving scheme | Damaged status | Not for loan | Home library | Current library | Shelving location | Date acquired | Total Checkouts | Full call number | Barcode | Date last seen | Copy number | Price effective from | Koha item type |
|---|---|---|---|---|---|---|---|---|---|---|---|---|---|---|---|
| Dewey Decimal Classification | Virtual | Virtual | Journal article | 02/02/2012 | ONLINE PUBLICATION | 154930-2001 | 06/08/2019 | 1 | 06/08/2019 | Journal article |